Hádanky z dvora (Record no. 21298)
[ view plain ]
| 000 -LEADER | |
|---|---|
| fixed length control field | 01360nam a2200385 a 4500 |
| 001 - CONTROL NUMBER | |
| control field | 21298 |
| 003 - CONTROL NUMBER IDENTIFIER | |
| control field | VRT |
| 005 - DATE AND TIME OF LATEST TRANSACTION | |
| control field | 20260226115841.0 |
| 008 - FIXED-LENGTH DATA ELEMENTS--GENERAL INFORMATION | |
| fixed length control field | 240318s2016 xr a a 000 0 slo |
| 015 ## - NATIONAL BIBLIOGRAPHY NUMBER | |
| National bibliography number | SNBZSA2017/06 |
| 020 ## - INTERNATIONAL STANDARD BOOK NUMBER | |
| International Standard Book Number | 9788072674862 |
| Qualifying information | (leporelo) |
| 039 #9 - LEVEL OF BIBLIOGRAPHIC CONTROL AND CODING DETAIL [OBSOLETE] | |
| Level of rules in bibliographic description | 202403182043 |
| Level of effort used to assign nonsubject heading access points | VLOAD |
| Level of effort used to assign subject headings | 202312031510 |
| Level of effort used to assign classification | AUTHORITY |
| Level of effort used to assign subject headings | 202312031459 |
| Level of effort used to assign classification | AUTHORITY |
| Level of effort used to assign subject headings | 201706301149 |
| Level of effort used to assign classification | msnk131 |
| 040 ## - CATALOGING SOURCE | |
| Original cataloging agency | SNK |
| Language of cataloging | slo |
| Transcribing agency | SNK |
| Description conventions | AACR |
| 041 0# - LANGUAGE CODE | |
| Language code of text/sound track or separate title | slo |
| 044 ## - COUNTRY OF PUBLISHING/PRODUCING ENTITY CODE | |
| MARC country code | xr |
| ISO country code | CZ |
| 072 #7 - SUBJECT CATEGORY CODE | |
| Subject category code | 0/9-053.2 |
| Subject category code subdivision | Literatúra pre deti a mládež (náučná) |
| Source | konspekt |
| 080 ## - UNIVERSAL DECIMAL CLASSIFICATION NUMBER | |
| Universal Decimal Classification number | (0.025.2) |
| Edition identifier | 2011 |
| 080 ## - UNIVERSAL DECIMAL CLASSIFICATION NUMBER | |
| Universal Decimal Classification number | 82-93-053.2 |
| Edition identifier | 2011 |
| 080 ## - UNIVERSAL DECIMAL CLASSIFICATION NUMBER | |
| Universal Decimal Classification number | 82-193.1 |
| Edition identifier | 2011 |
| 100 1# - MAIN ENTRY--PERSONAL NAME | |
| Personal name | Štefánková, Mária, |
| Dates associated with a name | 1951- |
| Relationship | aut |
| 245 10 - TITLE STATEMENT | |
| Title | Hádanky z dvora |
| Remainder of title | [verše: Mária Štefánková ; ilustrácie: Vladimíra Vopičková] |
| 260 ## - PUBLICATION, DISTRIBUTION, ETC. | |
| Place of publication, distribution, etc. | Říčany u Prahy |
| Name of publisher, distributor, etc. | Nakladatelství Junior |
| Date of publication, distribution, etc. | 2016 |
| 300 ## - PHYSICAL DESCRIPTION | |
| Extent | [10] nečíslovaných s. |
| Other physical details | ilustr. |
| Dimensions | 16 x 19 cm |
| 500 ## - GENERAL NOTE | |
| General note | Kartónové listy |
| 650 07 - SUBJECT ADDED ENTRY--TOPICAL TERM | |
| Topical term or geographic name entry element | hádanky |
| Source of heading or term | SNKPH |
| 650 07 - SUBJECT ADDED ENTRY--TOPICAL TERM | |
| Topical term or geographic name entry element | Riddles |
| Source of heading or term | SNKPHeng |
| 655 #7 - INDEX TERM--GENRE/FORM | |
| Genre/form data or focus term | leporelá |
| Source of term | SNKPH |
| 655 #7 - INDEX TERM--GENRE/FORM | |
| Genre/form data or focus term | publikácie pre deti |
| Source of term | SNKPH |
| 655 #7 - INDEX TERM--GENRE/FORM | |
| Genre/form data or focus term | Picture books for children |
| Source of term | SNKPHeng |
| 655 #7 - INDEX TERM--GENRE/FORM | |
| Genre/form data or focus term | Children's literature |
| Source of term | SNKPHeng |
| 700 1# - ADDED ENTRY--PERSONAL NAME | |
| Personal name | Vopičková, Vladimíra, |
| Dates associated with a name | 1965- |
| Relationship | ill |
| 910 ## - USER-OPTION DATA (OCLC) | |
| User-option data | snk |
| 942 ## - ADDED ENTRY ELEMENTS (KOHA) | |
| Source of classification or shelving scheme | Dewey Decimal Classification |
| Koha item type | Krásna literatúra pre deti |
| Suppress in OPAC | No |
| 949 ## - LOCAL PROCESSING INFORMATION (OCLC) | |
| 6 | 17A1259377 |
| a | snkOSD 9963 |
| b | snk2017/12784 |
| o | Pemic9-ah/46Int. č. fa – 9/2017 |
| Stav vyradenia | Strata | Poškodenie | Spôsob nadobudnutia | Domovská knižnica | Aktuálna knižnica | Dátum nadobudnutia | Total checkouts | Čiarový kód exemplára | Date last seen | Typ exemplára |
|---|---|---|---|---|---|---|---|---|---|---|
| Dar | Obecná knižnica Turčianska Štiavnička | Obecná knižnica Turčianska Štiavnička | 26.02.2026 | 4738000075 | 26.02.2026 | Krásna literatúra pre deti |
